Star Wars The Clone Quiz 2 - Statistics

General Stats
  • This quiz has been taken 102 times
    19 since last reset
  • The average score is 14 of 21
Answer Stats
Question Answer % Correct
Who was the Commanding Officer of the 501st Division led by General Anakin Skywalker? Captain Rex
100%
Who was the Clone Commander of the 212th Division led by General Obi-Wan Kenobi? Commander Cody
100%
Who was the Clone Commander of the Coruscant Guards? Commander Fox
90%
Who was the Commanding Officer serving under Jedi Master Ima Gun Di? Captain Keeli
80%
Who was the Clone Commander of the Galactic Marine? Commander Bacara
80%
Who was the Clone Commander serving under Jedi Master Tiplee and Jedi Master Tiplar? Commander Doom
80%
Who was the Clone Commander serving under Jedi Master Luminara Unduli? Commander Gree
80%
Who was the Clone Commander serving under Plo Koon? Commander Wolffe
80%
Who was the late Clone Commander of the 501st Division? Commander Appo
70%
Who was the Clone Commander serving under Jedi Master Aayla Secura? Commander Bly
70%
Who was the Clone Commander serving under Mace Windu? Commander Ponds
70%
Who was the Clone Commander serving under Padme Amidala on Scipio? Commander Thorn
70%
Who was the Clone Commander of General Ki-Adi Mundi's Division on Geonosis? Commander Jet
60%
Who was the Clone Commander on the Stealth Corvette Mission? Commander Blackout
50%
Who was the Clone Commander serving under Jedi Master Kit Fisto? Commander Monnk
50%
Who was the Clone Commander that helps Senator Kharrus and Jar Jar Binks on Florrum? Commander Stone
50%
Who was the Clone Lieutenant (later Commander) serving under Jedi Master Yoda on Rugosa? Lieutenant/Commander Thire
50%
Who was the Commanding Officer serving under Jedi Knight Nahdar Vebb? Captain Fil
40%
Who was the Commanding Officer serving under Eeth Koth? Captain Lock
40%
Who was the Clone Commander serving under Jedi Master Stass Allie? Commander Neyo
40%
Who was the Clone Commander serving under Jedi Master Halsey? Commander Trauma
40%
No matching quizzes found
Score Distribution
Percent of People with Each Score
Percentile by Number Answered
Your Score History
You have not taken this quiz since the last reset